000 00498cam a2200181ua 4500
001 1890
008 110811n ii |||gr||||Z||||||eng
040 _cMAIN
082 _a302.35
100 _aSharma, A. R.,
245 1 _aOrganisational theory and behaviour
_cby R. A. Sharma
250 _a4th.
260 _aNew Delhi:
_btata mcgraw hill publishing company ltd.,988.
300 _axiii; 325p:
_bill;
_c23cm.
653 _aEducation
653 _aOrganisational theory and behaviour
942 _cBK
999 _c1765
_d1765